=LDR 00000nam 2200000 4500 =001 INLIS000000000005691 =005 20200326093534 =035 ##$$a 0010-061300000005691 =008 200326################g##########0#ind## =041 ##$$a Ind =082 ##$$a 268 =090 ##$$a 220.07, Cer c =245 ##$$a Cermin remaja II. : $b untuk siswa SMTP kelas 3 /$c Redaksi PAK, PGI =260 ##$$a Jakarta :$b BPK Gunung Mulia,$c 1993 =300 ##$$a 119 hlm. : $b Ilus. ; $c 13 x 20 cm =650 #4$$a Pendidikan Agama Kristen =020 ##$$a 979-415-027-4 =084 ##$$a 268 CER c =250 ##$$a Cet. 26 =990 ##$$a 60.198 pro.93 =990 ##$$a DW00021914 =990 ##$$a DW00021915 =990 ##$$a DW00021916 =990 ##$$a DW00021917 =990 ##$$a DW00021918 =990 ##$$a 60.199 pro.93 =990 ##$$a DW00022315 =990 ##$$a 73.190/Pro.94 =990 ##$$a 73.191/Pro.94 =990 ##$$a 73.190/Pro.94 =990 ##$$a 60.198 pro.93 =990 ##$$a DW00021914 =990 ##$$a DW00021915 =990 ##$$a DW00021916 =990 ##$$a DW00021917 =990 ##$$a DW00021918 =990 ##$$a 60.199 pro.93 =990 ##$$a DW00022315 =990 ##$$a 73.191/Pro.94 =990 ##$$a 13461346 =990 ##$$a 117.952/pro.92 =990 ##$$a 60.198 pro.93 =990 ##$$a DW00021914 =990 ##$$a DW00021915 =990 ##$$a DW00021916 =990 ##$$a DW00021917 =990 ##$$a DW00021918 =990 ##$$a 60.199 pro.93 =990 ##$$a DW00022315 =990 ##$$a 73.190/Pro.94 =990 ##$$a 73.191/Pro.94